000 00515nam a2200169 i 4500
001 126431
003 ES-MaACL
005 20230906192823.0
007 t|
008 070214s1930 fr r ||||1| fre d
100 1 _aRecouly, Raymond.
_995782
245 1 0 _aLouis-Philippe roi des français
_b: le chemin vers le trone /
_cRaymond Recouly.
260 _aParis :
_b[s.n.],
_c1930 (
_fImp. Moderne)
300 _a434 p. ;
_c20 cm.
600 0 4 _aLuis Felipe
_bI
_cRey de Francia.
_974690
852 _aES-MaACL
_jA-3435
999 _c126431
_d126431